00601nam a22001697a 450000500170000001000150001702000260003203500140005803700130007208200060008524501120009126000350020327001240023830000330036270000180039570000180041320220823152405.0 aENG-134549 a9789380009957c140.00 aEN-118081 bDBAD/PUB aS aThe Yellow FairybThe Witch and her servants and other storiesced. by Andrew Lang, illust by Sharwan kumar aNew DelhibMind Melodiesc2010 aA-18, Mohan Garden Near Nawada Metro StationbNew Delhie110059-06k01125371324l+91-11-25371323minfo@mindmelodies.com a202p.billustratedc22cm(hb) aLang Andrew  aSharwan Kumar